000 00778nam a22002657a 4500
003 CHAP
005 20220329134954.0
008 971013s r 00010 d
010 _a28889
011 _a29861
035 _a33972
040 _cCHAP
090 _aMP-74
100 0 0 _aLee, H. A.
_965581
245 1 _aEye spot diseases
500 _aSobretiro de: Repts. Assoc. Hawaiian Sugar Technol. p.43-51, 1926.
590 _aBATCH-UPD
_b10
_c20130110
_lUCH01
_h2222
590 _aBATCH-UPD
_b10
_c20130410
_lUCH01
_h1519
590 _aBATCH-UPD
_b10
_c20130914
_lUCH01
_h1742
590 _aCONVERSION
_b10
_c20130109
_lUCH01
_h1317
650 1 4 _aMancha de ojo de la caña de azúcar.
_970299
901 _aBK
942 _cMP
949 _aMP-74
_bBC
_cMP
_d-78784
_eMP
_i33972
_si
999 _c28889
_d28889